000 00609nam a2200217Ia 4500
005 20250508164212.0
008 008 250505s9999 xx 000 0 eng d
020 _a0-7619-4383-8
037 _aReference
040 _aFEDL
_beng
_cFEDL
041 _aeng
_2eng
084 _a001.42, MUI/RR
_qFEDL
100 _aMuijs Daniel
245 0 _aDoing quantitative research in education with SPSS
260 _aLondon, UK
_bSage Publications
_c2004
300 _axi,228p.
365 _aGBP
_b25.99
650 _aResearch methods
942 _cREF
_h001.42, MUI/RR
999 _c1387529
_d1387529